| 000 -LEADER |
| fixed length control field |
01037cam a2200289 i 4500 |
| 001 - CONTROL NUMBER |
| control field |
20297761 |
| 005 - DATE AND TIME OF LATEST TRANSACTION |
| control field |
20201105122140.0 |
| 008 - FIXED-LENGTH DATA ELEMENTS--GENERAL INFORMATION |
| fixed length control field |
180119s2018 enk b 001 0 eng |
| 010 ## - LIBRARY OF CONGRESS CONTROL NUMBER |
| LC control number |
2018932221 |
| 020 ## - INTERNATIONAL STANDARD BOOK NUMBER |
| International Standard Book Number |
9780198779063 |
| 041 ## - LANGUAGE CODE |
| Language code of text/sound track or separate title |
eng |
| 080 ## - UNIVERSAL DECIMAL CLASSIFICATION NUMBER |
| Universal Decimal Classification number |
339.137+342.537 W-62 |
| 100 1# - MAIN ENTRY--PERSONAL NAME |
| Personal name |
Whish, Richard, |
| Relator term |
author. |
| 9 (RLIN) |
9701 |
| 245 10 - TITLE STATEMENT |
| Title |
Competition law / |
| Statement of responsibility, etc. |
Richard Whish, David Bailey. |
| 250 ## - EDITION STATEMENT |
| Edition statement |
Ninth edition. |
| 264 #1 - PRODUCTION, PUBLICATION, DISTRIBUTION, MANUFACTURE, AND COPYRIGHT NOTICE |
| Place of production, publication, distribution, manufacture |
Oxford, United Kingdom : |
| Name of producer, publisher, distributor, manufacturer |
Oxford University Press, |
| Date of production, publication, distribution, manufacture, or copyright notice |
2018. |
| 300 ## - PHYSICAL DESCRIPTION |
| Extent |
1056 pages ; |
| Dimensions |
25 cm. |
| 650 #0 - SUBJECT ADDED ENTRY--TOPICAL TERM |
| Topical term or geographic name entry element |
Restraint of trade |
| Geographic subdivision |
Great Britain. |
| 9 (RLIN) |
9702 |
| 650 #0 - SUBJECT ADDED ENTRY--TOPICAL TERM |
| Topical term or geographic name entry element |
Antitrust law |
| Geographic subdivision |
Great Britain. |
| 9 (RLIN) |
9703 |
| 650 #0 - SUBJECT ADDED ENTRY--TOPICAL TERM |
| Topical term or geographic name entry element |
Restraint of trade |
| Geographic subdivision |
European Union countries. |
| 9 (RLIN) |
9669 |
| 650 #0 - SUBJECT ADDED ENTRY--TOPICAL TERM |
| Topical term or geographic name entry element |
Antitrust law |
| Geographic subdivision |
European Union countries. |
| 9 (RLIN) |
9670 |
| 653 ## - INDEX TERM--UNCONTROLLED |
| keyword |
სამართალი |
| 653 ## - INDEX TERM--UNCONTROLLED |
| keyword |
ანტიმონოპოლური კანონი |
| 653 ## - INDEX TERM--UNCONTROLLED |
| keyword |
ვაჭრობის შეზღუდვა |
| 700 1# - ADDED ENTRY--PERSONAL NAME |
| Personal name |
Bailey, David |
| Relator term |
ავტორი |
| 9 (RLIN) |
9704 |
| 942 ## - ADDED ENTRY ELEMENTS (KOHA) |
| Source of classification or shelving scheme |
|
| Koha item type |
წიგნი |